Bones Characters Quiz Stats

 Plays Quiz not verified by Sporcle

Score 0/11 Timer 02:00
0 Plays Today
sayings and discription people % Correct
Known as Sexy FBI agentBooth
76.8%
Brennan misses this squint.Zack
71.4%
Put Booth in a navy ship and almost killed him.Gravedigger
51.9%
Angela's Ex HusbandGrayson
29.2%
'And I am your boss. Now get back to work.'Saroyan
20%
A former anthropologist in EnglandIan Wexler
11.9%
'I dont know what that means.'Bones (Temperance Brennan)
11.4%
'I am the King of the Lab!'Jack Hodgens
11.4%
'Sweetie...'Angela (Montenegro)
11.4%
'Your putting me in an awkward position.'Clark
9.7%
Booth put this man in jail and speaks against him in trial.Max Brennan
8.1%

You're not logged in!

Compare scores with friends on all Sporcle quizzes.
OR
Log In

Show Comments

Extras

Top Quizzes Today


Score Distribution

Your Account Isn't Verified!

In order to create a playlist on Sporcle, you need to verify the email address you used during registration. Go to your Sporcle Settings to finish the process.

Report this User

Report this user for behavior that violates our Community Guidelines.

Details: